Δελφοί

Αποθηκεύτηκε σε:
Λεπτομέρειες βιβλιογραφικής εγγραφής
Κύριος συγγραφέας: Πεντάζος, Βαγγέλης
Άλλοι συγγραφείς: Σαρλά, Μαρία
Μορφή: Βιβλίο
Γλώσσα:Greek
Δημοσίευση: Αθήνα : B. Γιαννίκος - Β. Καλδής, c 1984
Θέματα:
Ετικέτες: Προσθήκη ετικέτας
Δεν υπάρχουν, Καταχωρήστε ετικέτα πρώτοι!

MARC

LEADER 00000cam a2200000 i 4500
001 1/84847
008 050906s1984 gre d
035 |l 10080123 
040 |a GR-MY-UA  |b gre  |e aacr 
041 0 |a gre 
082 0 |a 711.30949515 
100 1 |a Πεντάζος, Βαγγέλης. 
245 1 0 |a Δελφοί /  |c Βαγγέλης Πεντάζου, Μαρία Σάρλα 
260 |a Αθήνα :   |b B. Γιαννίκος - Β. Καλδής,   |c c 1984 
300 |a 153 σ.;  |b εγχρ.εικ., διαγρ., χαρτ.;  |c 22 εκ. 
504 |a Περιέχει βιβλιογραφικές παραπομπές 
650 0 0 |a Regional planning  |z Greece  |z Phokis. 
650 0 0 |a Regional planning  |z Greece  |z Delphi (Extinct city) 
700 1 |a Σαρλά, Μαρία. 
852 |a INST  |b RHODES  |c KRI  |e 20050906  |h  711.30949515 ΠΕΝ  |p 005400022534  |q 005400022534  |t BK  |y 0 
901 |a BIBL4-2005-3 
909 |a Ρ  |b 122155 
970 |a ΣΙΔΕΡΗ  |b ΝΕΚΤΑΡΙΑ  |z 2005/09/06